Tabelline 1-10 - Statistics

Statistiche generali
  • Questo quiz è stato fatto 450 volte
  • Il punteggio medio è 78 su 100
Statistiche sulle risposte
RISPOSTA % Corretto
1
98%
10
98%
10
98%
12
98%
14
98%
16
98%
18
98%
2
98%
2
98%
20
98%
3
98%
3
98%
4
98%
4
98%
5
98%
6
98%
6
98%
7
98%
8
98%
8
98%
9
98%
9
98%
6
97%
12
96%
15
96%
18
96%
21
96%
24
95%
27
95%
30
95%
12
94%
16
94%
20
94%
4
94%
8
94%
24
93%
28
93%
32
93%
10
92%
15
92%
20
92%
25
92%
36
92%
40
92%
5
92%
30
91%
35
91%
40
91%
45
91%
12
90%
50
90%
6
90%
18
89%
24
88%
30
88%
36
86%
42
84%
48
83%
54
82%
60
82%
14
81%
7
81%
21
80%
28
80%
35
78%
42
77%
49
76%
56
75%
63
70%
70
70%
8
69%
16
68%
24
68%
32
66%
40
62%
48
60%
56
57%
64
52%
72
50%
80
49%
9
48%
18
47%
27
44%
36
42%
45
40%
54
40%
63
39%
72
39%
10
38%
20
38%
30
38%
40
38%
50
38%
81
38%
60
37%
90
36%
70
35%
80
35%
90
34%
100
33%
Nessun quiz corrispondente trovato
Distribuzione punteggi
Percentuale di utenti per punteggio
Percentile per numero di risposta
I tuoi punteggi nel tempo
Non hai fatto questo quiz